Salta al contenuto

Кластеры. Исследования и разработки, 2018, том 4, № 1 (9) Журнал

Salvato in:
Dettagli Bibliografici
Natura: Журнал
Accesso online:https://znanium.com/catalog/document?id=357914
https://znanium.com/cover/1090/1090159.jpg
Tags: Aggiungi Tag
Nessun Tag, puoi essere il primo ad aggiungerne! !
LEADER 01052nam0a2200217 i 4500
001 RU\infra-m\znanium\bibl\1090159
003 https://znanium.com/catalog/document?id=357914
005 20210119000000.0
100 |a 20210119d2020 m y0rusy0150 ca 
101 0 |a rus 
102 |a RU 
200 1 |a Кластеры. Исследования и разработки, 2018, том 4, № 1 (9)  |e Журнал 
210 1 |a Москва  |c Московский кластер бизнес-инициатив  |d 2018 
215 |a 60 с. 
606 |a Промышленность. Энергетика  |x Энергетика  |2 local 
608 |a Журнал  |2 local 
675 |a 620  |z rus 
686 |a 31  |2 rubbk 
801 0 |a RU  |b Общество с ограниченной ответственностью «ЗНАНИУМ»  |c 20200305  |2 rusmarc 
856 4 |a znanium.com  |m ebs_support@infra-m.ru  |n НИЦ ИНФРА-М  |u https://znanium.com/catalog/document?id=357914 
856 4 1 |a znanium.com  |d /cover/1090  |f 1090159.jpg  |q image/jpeg  |u https://znanium.com/cover/1090/1090159.jpg